00858nac a22002171u 4500010001600000020001500016020001500031082001900046090001300065100003400078245005600112260004100168300002900209650001900238650005100257856008500308856007300393942002000466999001300486952014100499 a 98043126 a025625348X a007116090600a005.1/2bB1518 c437d437 aBahrami, Ali. 10aObject oriented systems development /cAli Bahrami. aBoston :bIrwin/McGraw-Hill,cc1999. a411 p. :bill. ;c25 cm. 0aSystem design. 0aObject-oriented programming (Computer science)423Publisher descriptionuhttp://www.loc.gov/catdir/description/mh023/98043126.html423Table of contentsuhttp://www.loc.gov/catdir/toc/mh022/98043126.html cBBk005.12B1518 c437d437 00102ddc40708 aMAINbMAINcLOWd2011-05-06epurchaseg110.00l1o005.12 BAHp000004188r2025-07-15 00:00:00s2012-10-21v137.50yBB